Production Handbook

Gespeichert in:
Bibliographische Detailangaben
1. Verfasser: White, John A.
Format: Buch
Sprache:Englisch
Veröffentlicht: New York Wiley 1987
Ausgabe:4. ed.
Tags: Tag hinzufügen
Keine Tags, Fügen Sie das erste Tag hinzu!

MARC

LEADER 00000nam a2200000 4500
001 c028667
005 20221206140310.5
041 0 |a eng 
044 |a US 
245 1 0 |a Production Handbook  |c John A. White 
250 |a 4. ed. 
264 1 |a New York  |b Wiley  |c 1987 
300 |a Prer. s. 
100 1 |a White, John A.